[Event "kasker-2"]
[Site "http://www.queenalice.com/game.php?id=1026769"]
[Date "2012.2.6"]
[Round "1"]
[White "pickles"]
[Black "amed66"]
[Result "1/2-1/2"]
[WhiteElo "2462"]
[BlackElo "2542"]

1. e4 e5 2. Nf3 Nf6 3. Nxe5 d6 4. Nf3 Nxe4 5. d4 d5 6. Bd3 Nc6 7. O-O Be7 8. c4
Nf6 9. h3 Nb4 10. Be2 dxc4 11. Bxc4 O-O 12. Nc3 Nbd5 13. Re1 c6 14. Qb3 Nb6 15.
Bd3 Be6 16. Qc2 h6 17. a3 Re8 18. Bf4 a5 19. Re2 Bd6 20. Ne5 Nbd5 21. Bd2 Nxc3
22. bxc3 a4 23. Qb2 Nd7 24. Bf4 Nxe5 25. Bxe5 b5 26. Rae1 Bd5 27. f3 Bxe5 28.
Rxe5 Rxe5 29. Rxe5 f6 30. Re3 Qd6 31. Qb4 Qxb4 32. cxb4 Kf7 33. Kf2 Rd8 34. g4
g6 35. h4 1/2-1/2

[Event "Challenge"]
[Site "http://www.queenalice.com/game.php?id=1069260"]
[Date "2012.6.7"]
[Round "-"]
[White "amed66"]
[Black "fracasso"]
[Result "1-0"]
[WhiteElo "2540"]
[BlackElo "1100"]

1. d4 d5 2. c4 dxc4 3. e4 e6 4. Nc3 f5 5. exf5 exf5 6. Bxc4 c5 7. d5 Bd6 8. Nf3
Ne7 9. O-O O-O 10. Re1 a6 11. Bf4 Bxf4 12. d6+ Rf7 13. dxe7 Qe8 14. Bxf7+ Kxf7
15. Qb3+ Be6 16. Qxe6# 1-0

[Event "Challenge"]
[Site "http://www.queenalice.com/game.php?id=1069261"]
[Date "2012.6.7"]
[Round "-"]
[White "fracasso"]
[Black "amed66"]
[Result "0-1"]
[WhiteElo "1016"]
[BlackElo "2541"]

1. e4 c5 2. Nf3 d6 3. Bc4 Nf6 4. d3 Nc6 5. O-O Bg4 6. h3 Bh5 7. g4 Bg6 8. Ng5 e6
9. Be3 Be7 10. c3 O-O 11. d4 h6 12. b4 hxg5 13. Bxg5 Nxe4 14. f4 Nxg5 15. fxg5
Bxg5 16. Nd2 Be3+ 17. Kg2 d5 18. dxc5 dxc4 19. Rf3 Qxd2+ 20. Qxd2 Bxd2 21. Rd1
Bg5 22. a3 Be4 0-1

[Event "kasker-2"]
[Site "http://www.queenalice.com/game.php?id=1088983"]
[Date "2012.7.31"]
[Round "2"]
[White "amed66"]
[Black "ubersoldat1952"]
[Result "1/2-1/2"]
[WhiteElo "2546"]
[BlackElo "2536"]

1. d4 d5 2. c4 c6 3. Nc3 Nf6 4. Nf3 e6 5. e3 Nbd7 6. Qc2 Bd6 7. g4 h6 8. Rg1 e5
9. cxd5 cxd5 10. g5 hxg5 11. Nb5 Bb4+ 12. Bd2 Bxd2+ 13. Qxd2 Ne4 14. Qb4 a6 15.
Nd6+ Nxd6 16. Qxd6 exd4 17. Nxd4 Qf6 18. Qxd5 Rxh2 19. Rg2 Rxg2 20. Bxg2 Ne5 21.
O-O-O g6 22. Qa5 Kf8 23. Rd2 Kg7 24. Qc7 a5 25. Nb5 g4 26. Rd8 Nc4 27. Nd4 g3
28. f4 a4 29. Bd5 a3 30. b3 Nb6 31. Bxf7 Bd7 32. Rxa8 g2 33. Ne2 Qa1+ 34. Kd2
Qxa2+ 35. Ke1 Qb1+ 36. Kd2 Qb2+ 37. Ke1 a2 38. Qxb6 a1=Q+ 39. Rxa1 Qxa1+ 40. Kd2
Qb2+ 41. Ke1 1/2-1/2

[Event "Challenge"]
[Site "http://www.queenalice.com/game.php?id=1096449"]
[Date "2012.8.25"]
[Round "-"]
[White "amed66"]
[Black "gisa2010"]
[Result "1-0"]
[WhiteElo "2542"]
[BlackElo "1345"]

1. d4 d5 2. c4 dxc4 3. e4 e5 4. d5 Nf6 5. Nc3 Bg4 6. Nf3 Bb4 7. Qa4+ Nbd7 8.
Qxb4 Rb8 9. Qxc4 O-O 10. Be2 b5 11. Qd3 Nc5 12. Qe3 Qe7 13. Nxb5 c6 14. dxc6 a6
15. c7 Rb7 16. Nc3 Rxc7 17. Nd5 Nxd5 18. exd5 f5 19. Qd2 Ne4 20. d6 Nxd6 21. O-O
e4 22. Qd5+ Rf7 23. Bg5 Qe8 24. Nd4 Nb7 25. Bc4 h6 26. Bf4 Rd7 27. Qc6 Rxd4 28.
Qxe8+ Kh7 29. Qxf7 Nd6 30. Bxd6 Rxd6 31. h3 Bxh3 32. gxh3 h5 33. Qxh5+ Rh6 34.
Qxf5+ g6 35. Qf7+ Kh8 36. Qg8# 1-0

[Event "Challenge"]
[Site "http://www.queenalice.com/game.php?id=1109095"]
[Date "2012.10.3"]
[Round "-"]
[White "gisa2010"]
[Black "amed66"]
[Result "0-1"]
[WhiteElo "1328"]
[BlackElo "2543"]

1. Nc3 e5 2. Nf3 Nc6 3. g3 Bc5 4. Bh3 Qf6 5. e4 Nh6 6. Nd5 Qd6 7. d3 Ne7 8. Bd2
Nxd5 9. exd5 Qxd5 10. Bg2 O-O 11. Qe2 d6 12. O-O-O Qxa2 13. Bg5 Nf5 14. Bh3 Qa1+
15. Kd2 Bb4+ 16. c3 Qxb2+ 17. Ke1 Qxc3+ 18. Kf1 Nd4 19. Qe3 Bxh3+ 20. Kg1 Qc2
21. Qc1 Ne2# 0-1

[Event "Challenge"]
[Site "http://www.queenalice.com/game.php?id=1111463"]
[Date "2012.10.11"]
[Round "-"]
[White "amed66"]
[Black "gisa2010"]
[Result "1-0"]
[WhiteElo "2544"]
[BlackElo "1331"]

1. h3 e5 2. a3 Qh4 3. Nf3 Qa4 4. Nc3 Qc6 5. Nxe5 Qe6 6. d4 Nf6 7. e3 d6 8. Bc4
Qf5 9. g4 Qg5 10. Nxf7 Qg6 11. Nxh8 Qh6 12. Nf7 Qg6 13. f4 d5 14. Ne5 Qh6 15.
Nxd5 Ne4 16. Nxc7+ Ke7 17. h4 Ng3 18. Rh3 Ne4 19. Nxa8 Nd7 20. Nc7 Qd6 21. Nb5
Qb8 22. d5 a6 23. d6+ Ke8 24. Nc7+ Kd8 25. Nf7# 1-0

[Event "Challenge"]
[Site "http://www.queenalice.com/game.php?id=1114837"]
[Date "2012.10.22"]
[Round "-"]
[White "gisa2010"]
[Black "amed66"]
[Result "0-1"]
[WhiteElo "1311"]
[BlackElo "2545"]

1. g3 f5 2. Bh3 e6 3. e3 Nf6 4. d4 c6 5. Na3 Bxa3 6. bxa3 Qa5+ 7. Bd2 Qxa3 8.
Bc1 Qa5+ 9. Bd2 Qd5 10. Nf3 g5 11. Bg2 Ne4 12. c3 g4 13. Ng5 Nxc3 14. Bxc3 Qxg2
15. Rf1 b6 16. f4 Ba6 17. Rf2 Qg1+ 18. Kd2 Qxf2+ 19. Kc1 Qxe3+ 20. Bd2 Qa3+ 21.
Kc2 Bd3# 0-1

[Event "Cosa pensa Snoopy?"]
[Site "http://www.queenalice.com/game.php?id=1120521"]
[Date "2012.11.9"]
[Round "-"]
[White "amed66"]
[Black "gisa2010"]
[Result "1-0"]
[WhiteElo "2546"]
[BlackElo "1341"]

1. f4 e6 2. Nf3 b6 3. e4 g6 4. d3 d5 5. Nc3 Bd7 6. Be2 Bb4 7. exd5 exd5 8. O-O
Qf6 9. Nxd5 Qd6 10. c4 c6 11. Nxb4 Qxb4 12. Bd2 Qxb2 13. Qe1 Qf6 14. Bc3 Qxf4
15. Bd1+ Ne7 16. Ne5 Qh6 17. Nxf7 Qf8 18. Nd6+ Kd8 19. Rxf8+ Rxf8 20. Bb4 a5 21.
Nb7+ Kc8 22. Qxe7 Re8 23. Nd6+ Kc7 24. Nxe8+ Kb7 25. Bd6 Ra7 26. Bg4 Ka6 27.
Bxb8 Rb7 28. Nc7+ Rxc7 29. Bxc7 Bxg4 30. Qd8 a4 31. Qa8# 1-0

[Event "AUTO-ELITE-1091"]
[Site "http://www.queenalice.com/game.php?id=1132354"]
[Date "2012.12.18"]
[Round "1"]
[White "smothered_mate"]
[Black "amed66"]
[Result "1/2-1/2"]
[WhiteElo "2419"]
[BlackElo "2555"]

1. d4 Nf6 2. c4 e6 3. Nf3 d5 4. Nc3 Be7 5. cxd5 exd5 6. Bg5 c6 7. e3 Nbd7 8. Bd3
O-O 9. Qc2 Re8 10. O-O Nf8 11. Rfe1 Ng6 12. Nh4 Nxh4 13. Bxh4 h6 14. h3 b6 15.
Rac1 Bb7 16. Bg3 Bd6 17. Bxd6 Qxd6 18. Ne2 a5 19. Red1 Rac8 20. Qa4 Qb4 21. Qxb4
axb4 22. a3 bxa3 23. bxa3 Ra8 24. Rc3 b5 25. Rb1 Ra5 26. Ng3 Rea8 27. Rbb3 g6
28. h4 h5 1/2-1/2

[Event "AUTO-ELITE-1091"]
[Site "http://www.queenalice.com/game.php?id=1132355"]
[Date "2012.12.18"]
[Round "1"]
[White "amed66"]
[Black "smothered_mate"]
[Result "1-0"]
[WhiteElo "2547"]
[BlackElo "2420"]

1. c4 e5 2. Nc3 Nf6 3. Nf3 Nc6 4. e3 Bb4 5. Qc2 d6 6. Bd3 Bg4 7. Ne4 Nd7 8. a3
Ba5 9. b4 Bb6 10. h3 Bxf3 11. gxf3 g6 12. h4 f5 13. Nc3 Qe7 14. Nd5 Qe6 15. Bb2
Rf8 16. h5 Ne7 17. Nxe7 Qxe7 18. Ke2 O-O-O 19. Rag1 Rg8 20. hxg6 hxg6 21. Rh6
Qe8 22. a4 a5 23. c5 dxc5 24. b5 1-0

[Event "AUTO-ELITE-1091"]
[Site "http://www.queenalice.com/game.php?id=1132362"]
[Date "2012.12.18"]
[Round "1"]
[White "amed66"]
[Black "JORGESILVA19D"]
[Result "1-0"]
[WhiteElo "2554"]
[BlackElo "2228"]

1. d4 f5 2. c4 Nf6 3. Nc3 e6 4. e3 d5 5. Bd3 c6 6. Nge2 Bd6 7. f3 O-O 8. O-O
Nbd7 9. cxd5 cxd5 10. h3 h5 11. Nf4 Nb6 12. Ng6 Re8 13. e4 Kh7 14. Ne5 Qe7 15.
Rf2 g6 16. Bg5 Qg7 17. Nb5 Bb8 18. Rc1 Nbd7 19. Nc7 Nxe5 20. Bxf6 Nxf3+ 21. Qxf3
Qxf6 22. Nxe8 Qxd4 23. exf5 exf5 24. Rxc8 1-0

[Event "AUTO-ELITE-1091"]
[Site "http://www.queenalice.com/game.php?id=1132363"]
[Date "2012.12.18"]
[Round "1"]
[White "JORGESILVA19D"]
[Black "amed66"]
[Result "0-1"]
[WhiteElo "2230"]
[BlackElo "2552"]

1. e4 e5 2. d4 exd4 3. c3 dxc3 4. Nxc3 Nc6 5. Nf3 Nf6 6. Bc4 Bd6 7. O-O O-O 8.
Bg5 h6 9. Bh4 g5 10. Nxg5 hxg5 11. Bxg5 Be7 12. f4 d6 13. f5 Ne5 14. Bxf6 Bxf6
15. Qh5 Nxc4 16. Rf3 Ne5 17. Rh3 Re8 18. Nd5 c6 19. Rg3+ Bg7 20. Nc7 Qxc7 21.
Rxg7+ Kxg7 22. Qg5+ Kf8 23. f6 Re6 0-1

[Event "AUTO-ELITE-1113"]
[Site "http://www.queenalice.com/game.php?id=1149372"]
[Date "2013.2.6"]
[Round "1"]
[White "amed66"]
[Black "araujox"]
[Result "1/2-1/2"]
[WhiteElo "2552"]
[BlackElo "2384"]

1. e4 e5 2. Nc3 Nf6 3. Bc4 Bc5 4. d3 d6 5. f4 Be6 6. Bxe6 fxe6 7. Nf3 exf4 8.
Bxf4 O-O 9. Na4 Bb6 10. Nxb6 axb6 11. Bd2 c5 12. O-O Nc6 13. c3 d5 14. e5 Nd7
15. d4 Qe8 16. Qe2 Qg6 17. Be3 h6 1/2-1/2

[Event "AUTO-ELITE-1113"]
[Site "http://www.queenalice.com/game.php?id=1149373"]
[Date "2013.2.6"]
[Round "1"]
[White "araujox"]
[Black "amed66"]
[Result "0-1"]
[WhiteElo "2383"]
[BlackElo "2549"]

1. d4 Nf6 2. Nf3 e6 3. c4 Bb4+ 4. Bd2 a5 5. Nc3 O-O 6. Bg5 b6 7. e3 a4 8. a3
Bxc3+ 9. bxc3 Bb7 10. Bd3 Ra5 11. Bh4 Rh5 12. Bg3 d6 13. Qxa4 Nbd7 14. Qb4 Qa8
15. Be2 Ne4 16. O-O Nxg3 17. hxg3 Ra5 18. Rfd1 Nf6 19. Ne1 Bc6 20. Bf3 Bxf3 21.
gxf3 Qc6 22. Qb3 Rfa8 23. e4 Ra4 24. Nc2 Qxc4 0-1

[Event "AUTO-ELITE-1113"]
[Site "http://www.queenalice.com/game.php?id=1149374"]
[Date "2013.2.6"]
[Round "1"]
[White "amed66"]
[Black "TomRipley"]
[Result "1-0"]
[WhiteElo "2554"]
[BlackElo "2351"]

1. d4 f5 2. Bg5 h6 3. Bh4 d5 4. e3 Qd6 5. Nc3 Nf6 6. Bxf6 gxf6 7. Qh5+ Kd8 8.
Nge2 Nc6 9. Qg6 Be6 10. Nf4 Rg8 11. Qh5 Rg4 12. Nxe6+ Qxe6 13. O-O-O Na5 14. g3
c6 15. b4 Nc4 16. Bxc4 dxc4 17. d5 Qe5 18. dxc6+ Kc7 19. Rd5 Qe6 20. cxb7 Kxb7
21. h3 Re4 22. Qf3 Qa6 23. Nxe4 fxe4 24. Qxe4 Kc7 25. Rc5+ Kb8 26. Qd5 Qd6 27.
Rb5+ Kc7 28. Qxa8 Qc6 29. Rc5 Qxc5 30. bxc5 1-0

[Event "AUTO-ELITE-1113"]
[Site "http://www.queenalice.com/game.php?id=1149375"]
[Date "2013.2.6"]
[Round "1"]
[White "TomRipley"]
[Black "amed66"]
[Result "0-1"]
[WhiteElo "2376"]
[BlackElo "2558"]

1. e4 c6 2. d4 d5 3. Nc3 dxe4 4. Nxe4 Nd7 5. Nf3 Ngf6 6. Ng3 e6 7. Bd3 c5 8. Bf4
cxd4 9. O-O Bc5 10. Qd2 O-O 11. b4 Be7 12. a3 Nd5 13. Ne2 a5 14. bxa5 Nxf4 15.
Nxf4 Qxa5 16. Qxa5 Rxa5 17. Nxd4 Bf6 18. Nfe2 Nc5 19. Rfd1 Rd8 20. Rab1 Rxa3 21.
Nb5 Ra5 22. Nbc3 g6 23. Ne4 Nxe4 24. Bxe4 Rxd1+ 25. Rxd1 Ra4 26. Ng3 Kg7 27. f3
Ra1 28. Rxa1 Bxa1 29. Ne2 f5 30. Bd3 Bd7 31. c3 e5 32. Kf2 Bb2 33. Ke3 Ba3 0-1

[Event "kasker-2"]
[Site "http://www.queenalice.com/game.php?id=1181209"]
[Date "2013.5.14"]
[Round "3"]
[White "Datalcar"]
[Black "amed66"]
[Result "0-1"]
[WhiteElo "2476"]
[BlackElo "2562"]

1. d4 Nf6 2. c4 e6 3. Nc3 Bb4 4. e3 O-O 5. Nf3 d5 6. Bd3 c5 7. O-O dxc4 8. Bxc4
cxd4 9. exd4 b6 10. Qe2 Nc6 11. Rd1 Na5 0-1

[Event "AUTO-ELITE-1113"]
[Site "http://www.queenalice.com/game.php?id=1203569"]
[Date "2013.7.29"]
[Round "2"]
[White "trompmaster"]
[Black "amed66"]
[Result "1-0"]
[WhiteElo "2310"]
[BlackElo "2568"]

1. d4 Nf6 2. Nf3 e6 3. e3 c5 4. Bd3 b6 5. O-O Bb7 6. Nbd2 Nc6 7. c3 Be7 8. e4 d5
9. dxc5 bxc5 10. exd5 exd5 11. Re1 1-0

[Event "AUTO-ELITE-1113"]
[Site "http://www.queenalice.com/game.php?id=1203570"]
[Date "2013.7.29"]
[Round "2"]
[White "amed66"]
[Black "trompmaster"]
[Result "0-1"]
[WhiteElo "2555"]
[BlackElo "2330"]

1. c4 g6 2. d4 Bg7 3. e4 c5 4. d5 d6 5. Nf3 b5 6. cxb5 a6 7. Nc3 Nf6 8. Bd3 O-O
9. O-O axb5 10. Bxb5 Ba6 11. Qe2 Qa5 0-1

[Event "kasker-2"]
[Site "http://www.queenalice.com/game.php?id=1219332"]
[Date "2013.9.23"]
[Round "4"]
[White "amed66"]
[Black "kasker"]
[Result "1/2-1/2"]
[WhiteElo "2542"]
[BlackElo "2495"]

1. d4 f5 2. c4 Nf6 3. Nf3 g6 4. g3 Bg7 5. Nc3 O-O 6. Bg2 c6 7. O-O d5 8. Qb3 e6
9. Rd1 Ne4 10. Bf4 a5 11. Ne5 g5 12. Bc1 Nd7 13. Nxe4 fxe4 14. Nxd7 Bxd7 15.
Qxb7 Rb8 16. Qa7 h6 17. Qc5 Rf7 18. Qa3 Rb4 19. b3 c5 20. Bb2 dxc4 21. e3 cxd4
22. Bxd4 cxb3 23. axb3 Bxd4 24. Rxd4 Qf6 25. Qb2 Bc6 26. Ra2 Bb7 27. Rxb4 Qxb2
28. Rxb2 1/2-1/2

[Event "AUTO-ELITE-1091"]
[Site "http://www.queenalice.com/game.php?id=1244684"]
[Date "2014.1.2"]
[Round "2"]
[White "amed66"]
[Black "Alsina"]
[Result "1-0"]
[WhiteElo "2541"]
[BlackElo "2538"]

1. d4 Nf6 2. c4 e6 3. Nc3 Bb4 4. Nf3 c5 5. e3 O-O 6. Bd3 d5 7. O-O dxc4 8. Bxc4
cxd4 9. exd4 Nc6 10. a3 Bd6 11. Bg5 h6 12. Bh4 Be7 13. Rc1 Qa5 14. Re1 Rd8 15.
Ba2 Bd7 16. Re2 Rac8 17. Rd2 g5 18. Bg3 Be8 19. Bb3 g4 20. Ne5 Nxe5 21. Bxe5 h5
22. Rdc2 Rc6 23. Qe2 Nd7 24. d5 Nxe5 25. Qxe5 Rb6 26. Ba2 Rbd6 27. Qxh5 f5 28.
Qh6 e5 29. Qe3 Bf6 30. h3 gxh3 31. Qxh3 Bd7 32. Ne2 Qb6 33. Qh5 Bg7 34. Rc7 Qxb2
35. Qg5 Rf8 36. Qe7 Rff6 37. Rxd7 Rxd7 38. Qxd7 Qxe2 39. Bc4 Qh5 40. d6+ Kh7 41.
Qd8 Rf8 42. Qc7 Kg6 43. Rc3 Qd1+ 44. Bf1 f4 45. Qe7 Rh8 46. d7 Bf6 47. Qe8+ Kg5
48. Rc8 b6 49. Qxh8 Bxh8 50. d8=Q+ 1-0

[Event "AUTO-ELITE-1091"]
[Site "http://www.queenalice.com/game.php?id=1244685"]
[Date "2014.1.2"]
[Round "2"]
[White "Alsina"]
[Black "amed66"]
[Result "1/2-1/2"]
[WhiteElo "2542"]
[BlackElo "2541"]

1. e4 e5 2. Nf3 Nc6 3. Bb5 Nf6 4. O-O Nxe4 5. d4 Be7 6. Qe2 Nd6 7. Bxc6 bxc6 8.
dxe5 Nf5 9. Qe4 g6 10. Nd4 Nxd4 11. Qxd4 O-O 12. Bh6 Re8 13. Nc3 d5 14. exd6 Bf6
15. Qc4 cxd6 16. Qxc6 Rb8 17. Rfd1 Be5 18. Bg5 Qd7 19. Qxd7 Bxd7 20. Nd5 Rxb2
21. Bf6 Kf8 22. Bxe5 Rxe5 23. Ne3 Re6 24. Rd3 Ba4 25. Ra3 Bxc2 26. Rxa7 Re4 27.
a4 d5 28. Nxc2 Rxc2 29. g3 Ree2 30. Rf1 Kg7 31. a5 Ra2 32. Kg2 h5 33. h4 Rec2
1/2-1/2

[Event "kasker-2"]
[Site "http://www.queenalice.com/game.php?id=1294018"]
[Date "2014.7.11"]
[Round "5"]
[White "amed66"]
[Black "puddschini"]
[Result "1-0"]
[WhiteElo "2549"]
[BlackElo "2529"]

1. d4 d5 2. c4 e6 3. Nc3 Nf6 4. cxd5 exd5 5. Bg5 Nbd7 6. e3 Be7 7. Nf3 c6 8. Bd3
O-O 9. Qc2 Re8 10. O-O Nf8 11. h3 Be6 12. Bf4 Bd6 13. Rfb1 Qb8 14. Bxd6 Qxd6 15.
b4 h6 16. a4 N8d7 17. a5 Rad8 18. Na4 b6 19. axb6 axb6 20. Rc1 Rc8 21. Qb2 Qe7
22. Ba6 Rc7 23. b5 c5 24. dxc5 Nxc5 25. Nxc5 Rxc5 26. Rxc5 bxc5 27. b6 Rb8 28.
b7 Ne4 29. Qb6 f6 30. Ra5 Bf7 31. Nd2 Nxd2 32. Rxc5 Kh7 33. Rc8 Nc4 34. Qb1+ Bg6
35. Qb3 Rxb7 36. Qxb7 Qe6 37. Qb8 1-0